[Event "Women's Baku Chess Olympiad"]
[Site "chess24.com"]
[Date "2016.09.11"]
[Round "9"]
[White "Avramidou, Anastasia"]
[Black "Batyte, Daiva"]
[Result "0-1"]
[Board "3"]
[WhiteID "4239873"]
[WhiteElo "2273"]
[WhiteTitle "WFM"]
[WhiteCountry "GRE"]
[WhiteFideId "4239873"]
[WhiteEloChange "-12"]
[BlackID "12801860"]
[BlackElo "2189"]
[BlackTitle "WFM"]
[BlackCountry "LTU"]
[BlackFideId "12801860"]
[BlackEloChange "12"]

1. d4 {[%clk 1:30:57]} Nf6 {[%clk 1:30:50]} 2. c4 {[%clk 1:31:21]} g6 {[%clk
1:31:01]} 3. Nc3 {[%clk 1:31:45]} Bg7 {[%clk 1:31:14]} 4. e4 {[%clk 1:32:08]} d6
{[%clk 1:31:18]} 5. Nf3 {[%clk 1:32:31]} O-O {[%clk 1:31:06]} 6. Be2 {[%clk
1:32:55]} e5 {[%clk 1:29:19]} 7. O-O {[%clk 1:33:19]} Nc6 {[%clk 1:27:15]} 8. d5
{[%clk 1:33:42]} Ne7 {[%clk 1:26:00]} 9. b4 {[%clk 1:34:05]} a5 {[%clk 1:22:28]}
10. Ba3 {[%clk 1:34:27]} Nd7 {[%clk 1:11:44]} 11. Ne1 {[%clk 1:15:55]} b6 {[%clk
1:08:34]} 12. bxa5 {[%clk 1:12:52]} Rxa5 {[%clk 1:08:18]} 13. Bb4 {[%clk
1:13:16]} Ra8 {[%clk 1:06:05]} 14. a4 {[%clk 1:13:31]} Ba6 {[%clk 1:01:47]} 15.
Nb5 {[%clk 0:50:22]} Nc5 {[%clk 0:54:52]} 16. f3 {[%clk 0:43:06]} f5 {[%clk
0:53:40]} 17. Qc2 {[%clk 0:15:41]} Bh6 {[%clk 0:45:09]} 18. g3 {[%clk 0:12:53]}
Be3+ {[%clk 0:43:16]} 19. Kh1 {[%clk 0:08:54]} fxe4 {[%clk 0:29:14]} 20. fxe4
{[%clk 0:09:09]} Rxf1+ {[%clk 0:25:18]} 21. Bxf1 {[%clk 0:09:35]} Bxb5 {[%clk
0:24:52]} 22. cxb5 {[%clk 0:09:57]} Qf8 {[%clk 0:24:59]} 23. Bg2 {[%clk 0:07:45]}
Qf2 {[%clk 0:22:46]} 24. Qxf2 {[%clk 0:07:56]} Bxf2 {[%clk 0:23:06]} 25. Bxc5
{[%clk 0:07:51]} dxc5 {[%clk 0:23:09]} 26. Nf3 {[%clk 0:04:08]} Nc8 {[%clk
0:22:29]} 27. Rc1 {[%clk 0:01:16]} Be3 {[%clk 0:21:05]} 28. Re1 {[%clk 0:00:42]}
Bd4 {[%clk 0:20:48]} 29. Nxd4 {[%clk 0:00:48]} cxd4 {[%clk 0:20:58]} 30. Rc1
{[%clk 0:01:15]} Rxa4 {[%clk 0:18:36]} 31. Bh3 {[%clk 0:01:41]} Nd6 {[%clk
0:18:18]} 32. Rxc7 {[%clk 0:01:00]} d3 {[%clk 0:17:44]} 33. Bg4 {[%clk 0:00:36]}
Rxe4 {[%clk 0:17:23]} 34. Bf3 {[%clk 0:00:44]} d2 {[%clk 0:16:43]} 35. Kg2 {[%clk
0:01:03]} Rd4 {[%clk 0:16:00]} 36. Rc6 {[%clk 0:00:42]} Nxb5 {[%clk 0:15:38]} 37.
Rxb6 {[%clk 0:00:47]} e4 {[%clk 0:14:44]} 38. Bd1 {[%clk 0:00:34]} Nc3 {[%clk
0:14:44]} 39. Bb3 {[%clk 0:00:43]} d1Q {[%clk 0:15:06]} 40. Bxd1 {[%clk 0:31:11]}
Rxd1 {[%clk 0:45:07]} 0-1

[Event "Women's Baku Chess Olympiad"]
[Site "chess24.com"]
[Date "2016.09.11"]
[Round "9"]
[White "Sucikova, Svetlana"]
[Black "Felix Vega, Aurora Edith"]
[Result "1/2-1/2"]
[Board "4"]
[WhiteID "14923653"]
[WhiteElo "2112"]
[WhiteTitle "WFM"]
[WhiteCountry "SVK"]
[WhiteFideId "14923653"]
[WhiteEloChange "-2"]
[BlackID "3804976"]
[BlackElo "2053"]
[BlackTitle "WFM"]
[BlackCountry "PER"]
[BlackFideId "3804976"]
[BlackEloChange "2"]

1. c4 {[%clk 1:30:37]} d6 {[%clk 1:30:55]} 2. d4 {[%clk 1:29:34]} e5 {[%clk
1:30:17]} 3. dxe5 {[%clk 1:26:47]} dxe5 {[%clk 1:30:41]} 4. Qxd8+ {[%clk
1:27:08]} Kxd8 {[%clk 1:31:09]} 5. Nf3 {[%clk 1:27:12]} f6 {[%clk 1:31:19]} 6.
Nc3 {[%clk 1:26:12]} c6 {[%clk 1:31:21]} 7. g3 {[%clk 1:21:50]} Be6 {[%clk
1:31:41]} 8. b3 {[%clk 1:21:39]} Nd7 {[%clk 1:25:22]} 9. Bg2 {[%clk 1:20:27]} Bb4
{[%clk 1:15:47]} 10. Bb2 {[%clk 1:17:49]} Nh6 {[%clk 1:08:52]} 11. O-O {[%clk
1:16:41]} Kc7 {[%clk 1:02:10]} 12. Rac1 {[%clk 1:14:52]} Bxc3 {[%clk 0:58:13]}
13. Bxc3 {[%clk 1:13:38]} Nf7 {[%clk 0:55:09]} 14. Ba5+ {[%clk 1:04:55]} b6
{[%clk 0:55:03]} 15. Bb4 {[%clk 1:02:57]} a5 {[%clk 0:49:33]} 16. Ba3 {[%clk
0:56:20]} Rhd8 {[%clk 0:28:38]} 17. Rfd1 {[%clk 0:50:18]} Bg4 {[%clk 0:28:11]}
18. Kf1 {[%clk 0:46:21]} Nc5 {[%clk 0:21:34]} 19. Ne1 {[%clk 0:39:52]} Ne6 {[%clk
0:19:06]} 20. f3 {[%clk 0:33:48]} Bf5 {[%clk 0:18:44]} 21. e4 {[%clk 0:29:33]}
Bg6 {[%clk 0:19:13]} 22. Nc2 {[%clk 0:23:50]} Rxd1+ {[%clk 0:11:27]} 23. Rxd1
{[%clk 0:23:57]} Rd8 {[%clk 0:11:36]} 24. Rxd8 {[%clk 0:23:07]} Nfxd8 {[%clk
0:12:04]} 25. Kf2 {[%clk 0:21:41]} f5 {[%clk 0:08:14]} 26. Bb2 {[%clk 0:19:37]}
Kd6 {[%clk 0:08:04]} 27. Ne3 {[%clk 0:18:31]} fxe4 {[%clk 0:03:39]} 28. fxe4
{[%clk 0:18:40]} Nc5 {[%clk 0:01:48]} 29. Ba3 {[%clk 0:17:52]} Ne6 {[%clk
0:02:17]} 30. Nd1 {[%clk 0:14:50]} b5 {[%clk 0:02:07]} 31. cxb5 {[%clk 0:13:50]}
cxb5 {[%clk 0:02:35]} 32. Ke3 {[%clk 0:12:38]} b4 {[%clk 0:01:10]} 33. Bb2 {[%clk
0:12:31]} a4 {[%clk 0:00:58]} 34. bxa4 {[%clk 0:11:22]} Nxa4 {[%clk 0:01:27]} 35.
Ba1 {[%clk 0:11:13]} Bf7 {[%clk 0:01:05]} 36. Nf2 {[%clk 0:05:42]} Nec5 {[%clk
0:01:30]} 37. Ng4 {[%clk 0:06:06]} Nd7 {[%clk 0:01:37]} 38. Bf1 {[%clk 0:06:34]}
Bxa2 {[%clk 0:01:05]} 39. Bb5 {[%clk 0:06:50]} Nac5 {[%clk 0:01:15]} 40. Bxd7
{[%clk 0:34:19]} Nxd7 {[%clk 0:31:44]} 41. Nf2 {[%clk 0:32:24]} Bb1 {[%clk
0:30:57]} 42. Ng4 {[%clk 0:26:36]} h5 {[%clk 0:28:10]} 43. Nf2 {[%clk 0:26:59]}
Nc5 {[%clk 0:28:35]} 44. g4 {[%clk 0:25:35]} Nb3 {[%clk 0:28:58]} 45. Bb2 {[%clk
0:25:47]} Na5 {[%clk 0:28:46]} 46. Kd2 {[%clk 0:20:52]} Nb3+ {[%clk 0:24:27]} 47.
Ke3 {[%clk 0:20:05]} g6 {[%clk 0:24:36]} 48. gxh5 {[%clk 0:16:43]} gxh5 {[%clk
0:25:04]} 49. h4 {[%clk 0:15:00]} Nc5 {[%clk 0:22:06]} 50. Bc1 {[%clk 0:14:07]}
Bc2 {[%clk 0:20:33]} 51. Bb2 {[%clk 0:13:01]} b3 {[%clk 0:14:41]} 52. Ba3 {[%clk
0:12:34]} Ke6 {[%clk 0:14:46]} 53. Bc1 {[%clk 0:10:57]} Na4 {[%clk 0:13:19]} 54.
Kd2 {[%clk 0:11:01]} Kd6 {[%clk 0:10:48]} 55. Ba3+ {[%clk 0:10:53]} Kc6 {[%clk
0:11:11]} 56. Bf8 {[%clk 0:09:25]} Nb6 {[%clk 0:11:11]} 57. Kc3 {[%clk 0:08:52]}
Kb5 {[%clk 0:05:10]} 58. Bg7 {[%clk 0:08:07]} Nd7 {[%clk 0:04:26]} 59. Bh6 {[%clk
0:05:43]} Ka4 {[%clk 0:04:21]} 60. Bc1 {[%clk 0:06:11]} Nf6 {[%clk 0:03:25]} 61.
Bb2 {[%clk 0:06:07]} Kb5 {[%clk 0:00:51]} 62. Ba3 {[%clk 0:04:02]} Nd7 {[%clk
0:00:55]} 63. Bd6 {[%clk 0:03:58]} Kc6 {[%clk 0:00:46]} 64. Be7 {[%clk 0:04:14]}
Nb6 {[%clk 0:01:03]} 65. Bf8 {[%clk 0:04:21]} Na4+ {[%clk 0:00:56]} 66. Kd2
{[%clk 0:04:41]} Kb5 {[%clk 0:00:59]} 67. Bd6 {[%clk 0:04:10]} Nb6 {[%clk
0:01:08]} 68. Kc3 {[%clk 0:04:29]} Nc4 {[%clk 0:01:19]} 69. Bf8 {[%clk 0:04:20]}
Ka4 {[%clk 0:00:45]} 70. Be7 {[%clk 0:04:26]} Na5 {[%clk 0:00:35]} 71. Bf8 {[%clk
0:04:03]} Nc6 {[%clk 0:00:55]} 72. Bd6 {[%clk 0:04:13]} Na7 {[%clk 0:00:42]} 73.
Kb2 {[%clk 0:03:23]} Nc6 {[%clk 0:00:38]} 74. Kc3 {[%clk 0:03:43]} Kb5 {[%clk
0:01:07]} 75. Bf8 {[%clk 0:04:00]} Nd4 {[%clk 0:01:15]} 76. Bd6 {[%clk 0:04:02]}
Nf3 {[%clk 0:01:27]} 77. Be7 {[%clk 0:04:10]} Kc6 {[%clk 0:00:58]} 78. Bf6 {[%clk
0:03:23]} Kd7 {[%clk 0:01:19]} 79. Kb2 {[%clk 0:03:45]} Ke6 {[%clk 0:01:36]} 80.
Bd8 {[%clk 0:04:13]} Nh2 {[%clk 0:00:37]} 81. Kc3 {[%clk 0:02:28]} Ng4 {[%clk
0:00:43]} 82. Bb6 {[%clk 0:01:43]} Nf6 {[%clk 0:00:45]} 83. Bd8 {[%clk 0:01:54]}
Ne8 {[%clk 0:00:40]} 84. Bg5 {[%clk 0:01:52]} Nd6 {[%clk 0:01:03]} 85. Bh6 {[%clk
0:01:38]} Bxe4 {[%clk 0:00:47]} 86. Kxb3 {[%clk 0:02:04]} Nf7 {[%clk 0:00:42]}
87. Nxe4 {[%clk 0:01:01]} Kf5 {[%clk 0:01:11]} 88. Ng3+ {[%clk 0:01:09]} Kg4
{[%clk 0:01:39]} 89. Nxh5 {[%clk 0:01:27]} Kxh5 {[%clk 0:01:50]} 90. Bg7 {[%clk
0:01:26]} e4 {[%clk 0:01:26]} 91. Kc3 {[%clk 0:01:47]} Kg4 {[%clk 0:00:44]} 92.
Kd2 {[%clk 0:01:40]} Kf3 {[%clk 0:00:45]} 93. Bd4 {[%clk 0:02:03]} Nd6 {[%clk
0:00:35]} 94. Bc5 {[%clk 0:00:51]} Nc4+ {[%clk 0:00:37]} 95. Ke1 {[%clk 0:01:10]}
Ne5 {[%clk 0:00:48]} 96. Bd4 {[%clk 0:01:30]} Nd3+ {[%clk 0:00:53]} 97. Kf1
{[%clk 0:01:56]} Nf4 {[%clk 0:01:09]} 98. Bc5 {[%clk 0:02:04]} Ne6 {[%clk
0:01:01]} 99. Ba7 {[%clk 0:02:18]} Kg4 {[%clk 0:01:07]} 100. Ke2 {[%clk 0:01:55]}
Kf5 {[%clk 0:01:02]} 101. Be3 {[%clk 0:01:48]} Ng7 {[%clk 0:01:02]} 102. Bb6
{[%clk 0:02:02]} Nh5 {[%clk 0:01:03]} 103. Bc7 {[%clk 0:02:23]} Nf6 {[%clk
0:00:55]} 104. Bb6 {[%clk 0:02:39]} Nd5 {[%clk 0:00:49]} 105. Be3 {[%clk
0:02:20]} Nc3+ {[%clk 0:00:38]} 106. Kd2 {[%clk 0:02:43]} Nb5 {[%clk 0:00:45]}
107. h5 {[%clk 0:02:57]} Nd6 {[%clk 0:00:58]} 108. h6 {[%clk 0:03:19]} Kg6 {[%clk
0:01:17]} 109. Ke2 {[%clk 0:03:43]} Nf5 {[%clk 0:01:40]} 110. Bc1 {[%clk
0:03:58]} 1/2-1/2

[Event "Women's Baku Chess Olympiad"]
[Site "chess24.com"]
[Date "2016.09.11"]
[Round "9"]
[White "Barbier, Wiebke"]
[Black "Jorquera Cabello, Valentina"]
[Result "1/2-1/2"]
[Board "3"]
[WhiteID "207977"]
[WhiteElo "2008"]
[WhiteCountry "BEL"]
[WhiteFideId "207977"]
[BlackID "3405494"]
[BlackElo "2019"]
[BlackTitle "WIM"]
[BlackCountry "CHI"]
[BlackFideId "3405494"]

1. e4 {[%clk 1:30:58]} c5 {[%clk 1:30:46]} 2. Be2 {[%clk 1:31:24]} Nc6 {[%clk
1:30:45]} 3. d3 {[%clk 1:31:50]} d5 {[%clk 1:29:41]} 4. Nd2 {[%clk 1:30:39]} Nf6
{[%clk 1:29:56]} 5. Ngf3 {[%clk 1:30:55]} e6 {[%clk 1:08:01]} 6. O-O {[%clk
1:29:45]} Be7 {[%clk 1:07:41]} 7. c3 {[%clk 1:29:44]} c4 {[%clk 0:59:11]} 8. exd5
{[%clk 1:18:25]} cxd3 {[%clk 0:59:11]} 9. Bxd3 {[%clk 1:12:27]} Qxd5 {[%clk
0:55:52]} 10. Qc2 {[%clk 1:06:52]} Qh5 {[%clk 0:50:40]} 11. Ne4 {[%clk 1:03:01]}
Nxe4 {[%clk 0:45:34]} 12. Bxe4 {[%clk 1:03:24]} Bd7 {[%clk 0:39:27]} 13. Bf4
{[%clk 1:00:44]} g5 {[%clk 0:37:35]} 14. Be3 {[%clk 1:00:18]} f5 {[%clk 0:27:35]}
15. Bxc6 {[%clk 0:57:05]} Bxc6 {[%clk 0:26:38]} 16. Ne5 {[%clk 0:56:08]} Bd6
{[%clk 0:26:32]} 17. Bd4 {[%clk 0:56:19]} Rg8 {[%clk 0:23:52]} 18. Rfe1 {[%clk
0:42:40]} Rg6 {[%clk 0:21:18]} 19. Qe2 {[%clk 0:41:31]} g4 {[%clk 0:20:28]} 20.
Qe3 {[%clk 0:34:59]} Rh6 {[%clk 0:12:10]} 21. Qg3 {[%clk 0:33:03]} O-O-O {[%clk
0:04:19]} 22. Be3 {[%clk 0:31:53]} Bxe5 {[%clk 0:01:37]} 23. Qxe5 {[%clk
0:30:23]} g3 {[%clk 0:02:06]} 24. h3 {[%clk 0:25:00]} gxf2+ {[%clk 0:01:16]} 25.
Bxf2 {[%clk 0:25:04]} Rg8 {[%clk 0:00:45]} 26. Bg3 {[%clk 0:23:49]} Rxg3 {[%clk
0:01:14]} 27. Qxg3 {[%clk 0:23:57]} Rg6 {[%clk 0:01:43]} 28. Qe3 {[%clk 0:22:24]}
Rxg2+ {[%clk 0:01:16]} 29. Kf1 {[%clk 0:22:49]} Rg6 {[%clk 0:01:18]} 30. Re2
{[%clk 0:21:23]} f4 {[%clk 0:00:53]} 31. Qxf4 {[%clk 0:14:23]} Rg8 {[%clk
0:00:38]} 32. Qe3 {[%clk 0:12:18]} Bd5 {[%clk 0:01:07]} 33. Rd1 {[%clk 0:10:07]}
Bc4 {[%clk 0:00:40]} 34. Rd2 {[%clk 0:05:17]} Qf5+ {[%clk 0:00:36]} 35. Ke1
{[%clk 0:04:44]} Bxe2 {[%clk 0:00:42]} 1/2-1/2

[Event "Women's Baku Chess Olympiad"]
[Site "chess24.com"]
[Date "2016.09.11"]
[Round "9"]
[White "Hernandez Resto, Aracelys"]
[Black "Musaeva, Shakhnazi"]
[Result "0-1"]
[Board "4"]
[WhiteID "3105369"]
[WhiteElo "1314"]
[WhiteCountry "PUR"]
[WhiteFideId "3105369"]
[WhiteEloChange "-3"]
[BlackID "13801643"]
[BlackElo "1611"]
[BlackCountry "KGZ"]
[BlackFideId "13801643"]
[BlackEloChange "3"]

1. d4 {[%clk 1:30:58]} Nf6 {[%clk 1:30:51]} 2. c4 {[%clk 1:31:18]} e6 {[%clk
1:31:13]} 3. Nc3 {[%clk 1:31:40]} Bb4 {[%clk 1:31:32]} 4. Bd2 {[%clk 1:31:57]}
O-O {[%clk 1:30:04]} 5. Nf3 {[%clk 1:32:23]} b6 {[%clk 1:29:16]} 6. a3 {[%clk
1:32:11]} Bxc3 {[%clk 1:29:30]} 7. Bxc3 {[%clk 1:32:36]} d5 {[%clk 1:28:12]} 8.
e3 {[%clk 1:32:39]} Ba6 {[%clk 1:17:33]} 9. Nd2 {[%clk 1:32:07]} Nbd7 {[%clk
1:16:57]} 10. Be2 {[%clk 1:32:13]} c5 {[%clk 1:16:11]} 11. O-O {[%clk 1:30:12]}
Rc8 {[%clk 1:15:34]} 12. b3 {[%clk 1:30:13]} Ne4 {[%clk 1:08:48]} 13. Nxe4 {[%clk
1:30:03]} dxe4 {[%clk 1:09:11]} 14. f3 {[%clk 1:28:24]} exf3 {[%clk 0:50:52]} 15.
Bxf3 {[%clk 1:28:15]} cxd4 {[%clk 0:50:37]} 16. Qxd4 {[%clk 1:27:31]} e5 {[%clk
0:48:42]} 17. Qg4 {[%clk 1:24:08]} Qc7 {[%clk 0:47:22]} 18. Rac1 {[%clk 1:23:23]}
Nc5 {[%clk 0:43:08]} 19. Rb1 {[%clk 1:20:33]} Kh8 {[%clk 0:40:12]} 20. Bd5 {[%clk
1:19:36]} Bb7 {[%clk 0:38:22]} 21. Bxb7 {[%clk 1:19:34]} Nxb7 {[%clk 0:38:44]}
22. Qf3 {[%clk 1:18:53]} Nc5 {[%clk 0:36:58]} 23. Qd5 {[%clk 1:15:39]} f6 {[%clk
0:36:02]} 24. Bb4 {[%clk 1:15:12]} Rfd8 {[%clk 0:35:21]} 25. Qf3 {[%clk 1:14:57]}
Nd3 {[%clk 0:34:16]} 26. Bc3 {[%clk 1:14:02]} Qc5 {[%clk 0:33:02]} 27. a4 {[%clk
1:09:18]} a6 {[%clk 0:32:38]} 28. Ra1 {[%clk 1:01:09]} Rd7 {[%clk 0:24:47]} 29.
Kh1 {[%clk 0:59:51]} Rcd8 {[%clk 0:20:29]} 30. Be1 {[%clk 0:52:14]} Nb2 {[%clk
0:14:18]} 31. Bf2 {[%clk 0:49:30]} Rd3 {[%clk 0:12:18]} 32. Rab1 {[%clk 0:48:32]}
Rxb3 {[%clk 0:11:50]} 33. Rfd1 {[%clk 0:44:20]} Nxd1 {[%clk 0:10:32]} 34. Rxb3
{[%clk 0:44:42]} Nxf2+ {[%clk 0:10:55]} 35. Qxf2 {[%clk 0:45:05]} Rd1+ {[%clk
0:11:20]} 36. Qg1 {[%clk 0:45:25]} Rxg1+ {[%clk 0:11:40]} 37. Kxg1 {[%clk
0:44:19]} Qxc4 {[%clk 0:11:55]} 38. Rxb6 {[%clk 0:44:39]} h6 {[%clk 0:12:15]} 39.
a5 {[%clk 0:44:52]} Qc1+ {[%clk 0:12:32]} 40. Kf2 {[%clk 1:15:17]} Qd2+ {[%clk
0:42:56]} 41. Kf1 {[%clk 1:14:17]} Qxa5 {[%clk 0:43:10]} 42. Rb8+ {[%clk
1:13:59]} Kh7 {[%clk 0:43:37]} 43. Kf2 {[%clk 1:14:12]} e4 {[%clk 0:43:44]} 44.
Re8 {[%clk 1:14:27]} Qd2+ {[%clk 0:43:57]} 45. Kg3 {[%clk 1:14:53]} Qxe3+ {[%clk
0:44:17]} 46. Kg4 {[%clk 1:14:42]} h5+ {[%clk 0:44:34]} 47. Kf5 {[%clk 1:15:02]}
Qd3 {[%clk 0:41:07]} 48. Ke6 {[%clk 1:15:15]} e3 {[%clk 0:41:12]} 49. Kf7 {[%clk
1:15:42]} Qd5+ {[%clk 0:41:07]} 50. Kf8 {[%clk 1:16:02]} Qg8+ {[%clk 0:41:21]}
51. Ke7 {[%clk 1:16:28]} Qxe8+ {[%clk 0:41:43]} 52. Kxe8 {[%clk 1:15:44]} e2
{[%clk 0:42:08]} 53. Kd7 {[%clk 1:16:07]} e1Q {[%clk 0:42:30]} 54. g4 {[%clk
1:16:27]} Qa5 {[%clk 0:42:28]} 55. gxh5 {[%clk 1:15:10]} Qb6 {[%clk 0:42:25]} 56.
h4 {[%clk 1:15:20]} Kg8 {[%clk 0:41:28]} 57. h6 {[%clk 1:15:40]} gxh6 {[%clk
0:41:54]} 58. h5 {[%clk 1:15:43]} Kf7 {[%clk 0:41:59]} 59. Kc8 {[%clk 1:16:04]}
Qa7 {[%clk 0:42:20]} 60. Kd8 {[%clk 1:16:18]} Ke6 {[%clk 0:42:44]} 61. Kc8 {[%clk
1:16:42]} Kd6 {[%clk 0:43:08]} 62. Kd8 {[%clk 1:16:37]} Qd7# {[%clk 0:43:35]} 0-1

[Event "Women's Baku Chess Olympiad"]
[Site "chess24.com"]
[Date "2016.09.11"]
[Round "9"]
[White "Lourenco, Eva"]
[Black "Tuzi, Bruna"]
[Result "0-1"]
[Board "4"]
[WhiteID "4305469"]
[WhiteElo "1276"]
[WhiteCountry "NZL"]
[WhiteFideId "4305469"]
[WhiteEloChange "-2"]
[BlackID "4701100"]
[BlackElo "1807"]
[BlackTitle "WCM"]
[BlackCountry "ALB"]
[BlackFideId "4701100"]
[BlackEloChange "2"]

1. d4 {[%clk 1:30:54]} d5 {[%clk 1:30:56]} 2. Bf4 {[%clk 1:31:04]} e6 {[%clk
1:31:22]} 3. e3 {[%clk 1:31:01]} Bd6 {[%clk 1:31:44]} 4. Bg3 {[%clk 1:29:47]} Nf6
{[%clk 1:32:01]} 5. Nf3 {[%clk 1:27:49]} Nbd7 {[%clk 1:32:23]} 6. Be2 {[%clk
1:25:03]} Nf8 {[%clk 1:32:30]} 7. Nbd2 {[%clk 1:23:56]} Ng6 {[%clk 1:32:51]} 8.
Ne5 {[%clk 1:20:48]} Bxe5 {[%clk 1:33:08]} 9. dxe5 {[%clk 1:20:23]} Nd7 {[%clk
1:33:33]} 10. f4 {[%clk 1:14:44]} c5 {[%clk 1:33:32]} 11. c3 {[%clk 1:12:30]} c4
{[%clk 1:33:26]} 12. Nf3 {[%clk 1:00:16]} Qb6 {[%clk 1:33:19]} 13. Qd2 {[%clk
0:57:43]} Nc5 {[%clk 1:32:01]} 14. Nd4 {[%clk 0:48:01]} Bd7 {[%clk 1:29:45]} 15.
O-O {[%clk 0:43:21]} Ne7 {[%clk 1:22:22]} 16. Qc1 {[%clk 0:38:26]} O-O {[%clk
1:21:27]} 17. Rb1 {[%clk 0:34:38]} Qa6 {[%clk 1:14:36]} 18. a3 {[%clk 0:29:34]}
Qb6 {[%clk 1:12:44]} 19. Kh1 {[%clk 0:21:38]} Be8 {[%clk 1:11:05]} 20. Bf3 {[%clk
0:15:59]} Rd8 {[%clk 1:10:05]} 21. Rg1 {[%clk 0:12:09]} f6 {[%clk 1:08:50]} 22.
Bg4 {[%clk 0:07:51]} Bg6 {[%clk 1:08:23]} 23. Ra1 {[%clk 0:07:17]} fxe5 {[%clk
1:07:36]} 24. fxe5 {[%clk 0:06:37]} Nf5 {[%clk 1:07:46]} 25. Bxf5 {[%clk
0:06:40]} Bxf5 {[%clk 1:07:38]} 26. Ra2 {[%clk 0:05:18]} Rd7 {[%clk 1:04:22]} 27.
Nxf5 {[%clk 0:04:05]} Rxf5 {[%clk 1:04:44]} 28. Bf4 {[%clk 0:03:39]} Nd3 {[%clk
1:03:28]} 29. Qd2 {[%clk 0:02:47]} Qb3 {[%clk 1:03:46]} 30. Raa1 {[%clk 0:02:14]}
Qxb2 {[%clk 1:03:57]} 31. Rad1 {[%clk 0:00:51]} Nf2+ {[%clk 1:04:17]} 32. Qxf2
{[%clk 0:01:02]} Qxf2 {[%clk 1:04:42]} 33. g4 {[%clk 0:01:19]} Qf3+ {[%clk
1:05:05]} 34. Rg2 {[%clk 0:01:27]} Qxd1+ {[%clk 1:05:25]} 35. Rg1 {[%clk
0:01:33]} Qf3+ {[%clk 1:05:47]} 36. Rg2 {[%clk 0:01:54]} Rxf4 {[%clk 1:05:58]}
37. exf4 {[%clk 0:02:11]} d4 {[%clk 1:06:18]} 38. h3 {[%clk 0:02:08]} d3 {[%clk
1:06:31]} 39. f5 {[%clk 0:02:20]} d2 {[%clk 1:06:54]} 40. fxe6 {[%clk 0:31:53]}
d1Q+ {[%clk 1:36:44]} 41. Kh2 {[%clk 0:32:22]} Qf4+ {[%clk 1:37:10]} 42. Rg3
{[%clk 0:32:21]} Rd2# {[%clk 1:37:30]} 0-1

[Event "Women's Baku Chess Olympiad"]
[Site "chess24.com"]
[Date "2016.09.11"]
[Round "9"]
[White "Ishizuka, Mirai"]
[Black "Nouman, Amna"]
[Result "1-0"]
[Board "1"]
[WhiteID "7001070"]
[WhiteElo "1778"]
[WhiteCountry "JPN"]
[WhiteFideId "7001070"]
[WhiteEloChange "15"]
[BlackID "9301500"]
[BlackElo "1983"]
[BlackTitle "WIM"]
[BlackCountry "UAE"]
[BlackFideId "9301500"]
[BlackEloChange "-15"]

1. e4 {[%clk 1:30:58]} e5 {[%clk 1:30:59]} 2. Nf3 {[%clk 1:31:24]} Nc6 {[%clk
1:31:24]} 3. Nc3 {[%clk 1:31:51]} Nf6 {[%clk 1:31:28]} 4. d4 {[%clk 1:32:08]} Bb4
{[%clk 1:30:57]} 5. Nxe5 {[%clk 1:32:23]} Nxe4 {[%clk 1:24:55]} 6. Qg4 {[%clk
1:32:40]} Nxc3 {[%clk 1:23:53]} 7. Qxg7 {[%clk 1:24:46]} Rf8 {[%clk 1:21:49]} 8.
a3 {[%clk 1:23:24]} Nxd4 {[%clk 1:18:09]} 9. axb4 {[%clk 1:11:02]} Nxc2+ {[%clk
1:16:50]} 10. Kd2 {[%clk 1:11:26]} Nxa1 {[%clk 1:17:12]} 11. Kxc3 {[%clk
1:11:34]} Qe7 {[%clk 1:10:26]} 12. Bc4 {[%clk 0:58:55]} d5 {[%clk 0:25:16]} 13.
Bxd5 {[%clk 0:40:06]} a5 {[%clk 0:23:30]} 14. Nd3 {[%clk 0:33:48]} axb4+ {[%clk
0:20:31]} 15. Kd2 {[%clk 0:30:42]} c6 {[%clk 0:14:38]} 16. Re1 {[%clk 0:25:55]}
Be6 {[%clk 0:14:50]} 17. Bc4 {[%clk 0:20:47]} b5 {[%clk 0:13:43]} 18. Bxe6 {[%clk
0:20:08]} fxe6 {[%clk 0:14:05]} 19. Qg4 {[%clk 0:18:10]} O-O-O {[%clk 0:04:24]}
20. Rxe6 {[%clk 0:14:10]} Qd7 {[%clk 0:04:42]} 21. Rxc6+ {[%clk 0:11:10]} Kb7
{[%clk 0:05:03]} 22. Qxd7+ {[%clk 0:09:12]} Rxd7 {[%clk 0:07:20]} 23. Re6 {[%clk
0:08:48]} Rfd8 {[%clk 0:02:36]} 24. Re3 {[%clk 0:08:33]} Rc8 {[%clk 0:01:48]} 25.
Kd1 {[%clk 0:07:21]} Nb3 {[%clk 0:00:48]} 26. Bd2 {[%clk 0:07:38]} Nxd2 {[%clk
0:00:49]} 27. Kxd2 {[%clk 0:08:05]} b3 {[%clk 0:01:09]} 28. Re5 {[%clk 0:04:30]}
Kb6 {[%clk 0:00:48]} 29. Re6+ {[%clk 0:02:19]} Rc6 {[%clk 0:00:51]} 30. Rxc6+
{[%clk 0:00:58]} Kxc6 {[%clk 0:01:14]} 31. Kc3 {[%clk 0:01:22]} Kb6 {[%clk
0:01:01]} 32. f4 {[%clk 0:00:36]} Ka5 {[%clk 0:01:16]} 33. g4 {[%clk 0:00:39]}
Rg7 {[%clk 0:00:39]} 34. g5 {[%clk 0:00:45]} Rf7 {[%clk 0:00:35]} 35. h4 {[%clk
0:01:01]} Rf5 {[%clk 0:00:56]} 36. h5 {[%clk 0:01:01]} Ka4 {[%clk 0:01:16]} 37.
g6 {[%clk 0:00:44]} hxg6 {[%clk 0:01:23]} 38. hxg6 {[%clk 0:01:13]} Rf8 {[%clk
0:01:27]} 39. Kd4 {[%clk 0:31:22]} b4 {[%clk 0:31:30]} 40. Ke5 {[%clk 0:28:45]}
Kb5 {[%clk 0:30:27]} 41. g7 {[%clk 0:27:26]} Ra8 {[%clk 0:18:06]} 42. f5 {[%clk
0:24:05]} Kc4 {[%clk 0:17:39]} 43. f6 {[%clk 0:19:04]} Kxd3 {[%clk 0:16:59]} 44.
f7 {[%clk 0:19:32]} Kc2 {[%clk 0:17:12]} 45. g8Q {[%clk 0:16:27]} Rxg8 {[%clk
0:17:00]} 46. fxg8Q {[%clk 0:16:53]} Kxb2 {[%clk 0:17:08]} 47. Kd4 {[%clk
0:15:03]} Kc2 {[%clk 0:10:55]} 48. Qc4+ {[%clk 0:14:16]} Kb2 {[%clk 0:10:58]} 49.
Qxb4 {[%clk 0:14:00]} Ka1 {[%clk 0:10:08]} 50. Qa3+ {[%clk 0:13:53]} Kb1 {[%clk
0:10:12]} 51. Kc3 {[%clk 0:13:36]} 1-0